| 000 | 004380000a22001690004500 | ||
|---|---|---|---|
| 003 | MACL | ||
| 005 | 20160113171002.0 | ||
| 008 | 160113b xxu||||| |||| 00| 0 eng d | ||
| 040 |
_aMACL _cMACL |
||
| 041 | _aEnglish | ||
| 082 | _a952/HEA | ||
| 100 |
_aHearn, Lafcadio _932078 |
||
| 245 |
_aJapan _bAn Attempt at Interpretation |
||
| 260 |
_bThe Macmillan Company _c1905 _aNew York |
||
| 650 |
_aHistory _932079 |
||
| 942 |
_cBK _k952/HEA _2ddc |
||
| 999 |
_c39233 _d39233 |
||